000
00300 a2200145 4500
001
60626
020
_a
8522200114
040
_c
Anchieta - Pituba
240
1
0
_a
Material pedagógico
_l
por
245
1
0
_a
Material pedagógico
300
_a
505
362
0
_a
1981
650
4
_a
Educação
942
_c
BK
999
_c
60626
_d
60626